00514nam a22001692 4500001001100000005001700011008004100028020001700069040001500086100003300101245008900134250001300223260003600236300001600272650005300288852000300341000001959220151217155226.0110111s xx 000 0 eng d a0071420402 : aKABUcKABU1 aHubbard, John R.@000015503610aSchaum's outline of theory and problems of programming with Java /cJohn R. Hubbard. a2nd ed. aNew York :bMcGraw-Hill,c2004. axi, 345 p. 0aJava (Computer programming language)@00001544821